[Event "Cali op-C"]
[Site "Cali"]
[Date "2008.12.28"]
[Round "5"]
[White "Goyes, Oscar Giovanni"]
[Black "Ossa Ramirez, Jesus Antonio"]
[Result "0-1"]
[WhiteElo "1600"]
[BlackElo "1645"]
[PlyCount "98"]
[EventDate "2008.12.26"]
[EventType "swiss"]
[EventRounds "9"]
[EventCountry "COL"]
[SourceTitle "EXT 2011"]
[Source "ChessBase"]
[SourceDate "2010.11.26"]
[SourceVersion "1"]
[SourceVersionDate "2010.11.26"]
[SourceQuality "1"]

1. e4 e5 2. Nf3 Nc6 3. Bb5 d6 4. d4 exd4 5. Nxd4 Bd7 6. Bxc6 bxc6 7. Nc3 Be7 8. 0-0 Nf6 9. f4 0-0 10. Qd3 c5 11. Nf3 Bc6 12. e5 dxe5 13. Qxd8 Rfxd8 14. Nxe5 Be8 15. b3 Nd5 16. Ne4 f5 17. Ng3 g6 18. Bb2 Ne3 19. Rf3 Nxc2 20. Rc1 Nb4 21. a3 Nc6 22. Re3 Nxe5 23. Bxe5 Bd6 24. Nf1 Bb5 25. a4 Be8 26. g3 Bf7 27. Bf6 Re8 28. Rce1 c4 29. Rxe8+ Rxe8 30. Rxe8+ Bxe8 31. bxc4 Bxa4 32. Bd4 c5 33. Bc3 Kf7 34. Kf2 Bc6 35. Nd2 h6 36. h4 Bc7 37. Nb3 Bb6 38. Ke3 h5 39. Kd3 Ke6 40. Na5 Bg2 41. Nb3 Bf1+ 42. Kc2 Bxc4 43. Nd2 Bd5 44. Nb3 c4 45. Nd4+ Kd6 46. Bb4+ Kd7 47. Ne2 a6 48. Ba3 Bf2 49. Kc3 Bc5 0-1